Normal view
MARC view
- Goyal, N. C
Entry Personal Name
001 - CONTROL NUMBER
- control field: 130666
003 - CONTROL NUMBER IDENTIFIER
- control field: NUST
005 - DATE AND TIME OF LATEST TRANSACTION
- control field: 20250923171313.0
008 - FIXED-LENGTH DATA ELEMENTS
- fixed length control field: 250923|| aca||aabn | a|a d
040 ## - CATALOGING SOURCE
- Original cataloging agency: NUST
- Transcribing agency: NUST
100 ## - HEADING--PERSONAL NAME
- Personal name: Goyal, N. C
670 ## - SOURCE DATA FOUND
- Source citation: Work cat.: (NUST)182994: Goyal, N. C., A text book on radio and television /, 1988
